Essay on the geography of plants : (Registro nro. 20021)
[ vista simple ]
| 000 -CABECERA | |
|---|---|
| Campo de control | 00982nam a2200253 i 4500 |
| 005 - FECHA Y HORA DE LA ULTIMA TRANSACCION | |
| Campo de control | 20200104041801.0 |
| 008 - ELEMENTOS DE LONGITUD FIJA—INFORMACION GENERAL | |
| Campo de control | 130212t20132009nyua frb 000 0 eng d |
| 020 ## - ISBN | |
| ISBN | 9780226054735 |
| 040 ## - FUENTE DE CATALOGACIÓN | |
| Agencia catalogadora original | CO-BoIAVH |
| Agencia transcriptora | CO-BoIAVH |
| 041 0# - IDIOMA | |
| Código de idioma para texto/pista de sonido o título separado | Inglés |
| 044 ## - PAÍS DE PUBLICACIÓN | |
| País de publicación | Estados Unidos |
| 082 04 - NUMERO DE CLASIFICACION DECIMAL DEWEY | |
| Número de clasificación | 581.9 |
| Número del ítem | H91e |
| 100 1# - ASIENTO PRINCIPAL--NOMBRE PERSONAL | |
| Nombre personal | Humboldt, Alexander von, |
| Fechas asociadas con el nombre | 1769-1859, |
| Término relacionado | autor |
| 9 (RLIN) | 90967 |
| 245 10 - MENCION DE TITULO | |
| Título | Essay on the geography of plants : |
| Mención de responsabilidad | Alexander von Humboldt and Aime Bonpland ; edited with an introduction by Stephen T. Jackson ; translated by Sylvie Romanowski. |
| 260 ## - PUBLICACION, DISTRIBUCION, ETC. (PIE DE IMPRENTA) | |
| Lugar de publicación, distribución, etc. | Chicago (EEUU) : |
| Nombre del editor, distribuidor, etc. | The University of Chicago , |
| Fecha de publicación, distribución, etc. | 2009. |
| 300 ## - DESCRIPCION FISICA | |
| Extensión | xx, 274 páginas : |
| Otros detalles físicos | Ilustraciones ; |
| Dimensiones | 23 x 15 cm |
| 504 ## - NOTA DE BIBLIOGRAFIA, ETC. | |
| Nota de bibliografía | Incluye referencias bibliográficas. |
| 650 #0 - ASIENTO SECUNDARIO DE MATERIA - TERMINO TEMATICO | |
| Término temático o nombre geográfico como elemento de entrada | Fitogeografía |
| 9 (RLIN) | 92958 |
| 650 #0 - ASIENTO SECUNDARIO DE MATERIA - TERMINO TEMATICO | |
| Término temático o nombre geográfico como elemento de entrada | Ecología vegetal |
| 9 (RLIN) | 353 |
| 700 1# - ASIENTO SECUNDARIO - NOMBRE PERSONAL | |
| Nombre personal | Bonpland, Aimé, |
| Fechas asociadas con el nombre | 1773-1858, |
| Término de relación | autor. |
| 9 (RLIN) | 90970 |
| 700 1# - ASIENTO SECUNDARIO - NOMBRE PERSONAL | |
| Nombre personal | Jackson, Stephen T., |
| Término de relación | editor. |
| 9 (RLIN) | 87809 |
| 700 1# - ASIENTO SECUNDARIO - NOMBRE PERSONAL | |
| Nombre personal | Romanowski, Sylvie, |
| Término de relación | traductor. |
| 9 (RLIN) | 87810 |
| 942 ## - ELEMENTOS ADICIONALES (KOHA) | |
| Sistema de clasificación | Dewey Decimal Classification |
| Tipo de ítem | Libro |
| Withdrawn status | Lost status | Sistema de Clasificación | Damaged status | No para préstamo | Colección | Ubicación Permanente | Ubicación actual | Fecha de adquisición | Fuente de Valor | Valor | Total Checkouts | Número topográfico | Inventario / Código de Barras | Date last seen | Date checked out | Ejemplar | Price effective from | Forma de adquisición | Tipo de material |
|---|---|---|---|---|---|---|---|---|---|---|---|---|---|---|---|---|---|---|---|
| Dewey Decimal Classification | General | Bogotá | Bogotá | 12/12/2017 | Compra Chicago Books | 121543.00 | 1 | LB-581.9 H91e | 043417 | 23/07/2018 | 23/07/2018 | Ej. 1 | 12/12/2017 | Compra | Libro |